| 000 | 00714nam a22002297a 4500 | ||
|---|---|---|---|
| 005 | 20170124105923.0 | ||
| 010 | _aA-996207 | ||
| 020 |
_a817479025 _c00.00 |
||
| 035 | _aA-996207 | ||
| 037 | _bCen Lib/Ret | ||
| 040 |
_aDPL _bEN |
||
| 082 |
_a323.34 _bKAU |
||
| 100 |
_aKaushal,Rachana _95297 |
||
| 245 |
_aWomen and human rights in India / _cby Rachana Kaushal |
||
| 260 |
_aNew Delhi _bKaveri Books _c2000 |
||
| 270 |
_a4697/5-21A,Ansari Road _bNew Delhi _e110002 |
||
| 300 |
_aix,150p. _c22cm(Hb) |
||
| 500 | _aIncludes bibliographical reference and index | ||
| 650 |
_aHuman Rights-Woman _95298 |
||
| 650 |
_aCrime against Woman - Human Rights _95299 |
||
| 942 |
_2ddc _cEN _h323.34 _mKAU |
||
| 999 |
_c123300 _d123300 |
||